000 00473nam a2200169 a 4500
001 9322
005 20180713193317.0
008 140415s1984 000 0 spa d
041 _aspa
082 _a330.122
_bSOM
100 1 _aSOMBART, WERNER
245 1 3 _aEL APOGEO DEL CAPITALISMO I
260 _a[s.l.] :
_bFONDO DE CULTURA ECONOMICA,
_c1984
300 _a546
490 _aSECCION DE OBRAS DE ECONOMIA
650 1 4 _aCAPITALISMO
_xSISTEMAS ECONOMICOS
999 _c9322
_d9322